Responses for Show #8369 - Thursday, April 1, 2021

Champion's winnings & consolation amounts matched to HealthCorps.

Contestants

[<< previous game]

Scott Shewfelt, a writer originally from Tavistock, Ontario, Canada

KT Lowe, a librarian from St. Clair Shores, Michigan

Emily Seaman, a law clerk from Houston, Texas (whose 1-day cash winnings total $8,400)

[next game >>]

Jeopardy! Round responses

APRIL FOOL!
U.S. GEOGRAPHY
SCIENCE & SCIENTISTS
TV & FILM
SAFE AT HOME
"OUT" AT FIRST
(Mehmet: "Out" will be in the first syllable of every one of your responses.)
    $200 27
the Whopper

Emily
    $200 28
Memphis

KT
    $200 29
a Petri dish

KT
    $200 24
Paula Abdul

Emily
    $200 30
a fire

Emily
    $200 5
an outage

Scott
    $400 26
pi

Emily
    $1,000 23
(Scott: What is New Mexico?)
...
(Scott: [Hand on head] Oh, west.)

Nevada

Scott
    $400 25
a comet

Emily
    $400 13
Focker

KT
    $400 16
(KT: What's a [**]?)
(Emily: What is a flood?)
(Scott: What is a [***]?)
[KT and Scott were not credited with correct responses until after the break when at the same time Emily's response was changed from incorrect to a non-event.]

earthquake (a tornado) (a hurricane)

KTScott
    $400 10
an outlet

Scott
    $600 18
the Liberty Bell

Emily
    $600 7
(KT: What is the St. Lawrence River?)

the Chesapeake Bay

EmilyKT
    $600 1
(KT: What is UCLA?)
(Emily: What is Stanford?)

UC Berkeley

EmilyKT
Triple Stumper
    $600 6
Bridgerton

Emily
    $600 17
infrared

Emily
    $600 11
outlaw

KT
    $800 8
Big Ben

Emily
    $800 15
the Cascades

Scott
    $800 19
melanin

Emily
    $800 2
True Blood

Scott
    $800 20
(Scott: What is ozone?)

radon

KTScott
    $800 12
the outset

Emily
    $1000 9
(Scott: Who is Whitney?)

Edison

KTScott
    $1000 3
the Berkshires

Triple Stumper
    $1000 22
the Fallopian tubes

Scott
    $1000 4
Battleship Potemkin

KT
    $1000 21
ammonia

Emily
    $1000 14
an outcrop

Emily

Scores at the first commercial break (after clue 15):

Emily KT Scott
$3,200 $1,800 $1,200

Scores at the end of the Jeopardy! Round:

Emily KT Scott
$7,600 $3,400 $800

Double Jeopardy! Round responses

1971: 50 YEARS AGO
BROADWAY MUSICALS
EXPLORING AUSTRALIA
IMMORAL LINE
CURRENCIES
OVERLAPS
(Mehmet: For example, if you mixed my field with theater, you'd have medicinema.)
    $400 16
the Pentagon Papers

KT
    $400 18
Tina Turner

KT
    $400 29
the Cape of Good Hope

KT
    $400 15
(Scott: Who is Beelzebub?)

Satan

Scott
Triple Stumper
    $400 30
Christopher Columbus

Triple Stumper
    $400 13
a pipelinebacker

Emily
    $800 17
space stations

Triple Stumper
    $800 19
The Lion King

Scott
    $800 28
Cook

Scott
    $5,000 26
the 101 Dalmatians

Scott
    $800 25
(Mehmet: [After the next clue selection] We have less than a minute.)

South Africa

Scott
    $800 9
[Laughter]
(Mehmet: It's funny, but they're so clever.)

accidentures

Triple Stumper
    $1200 3
Jim Morrison

Emily
    $1200 6
The Color Purple

Scott
    $1200 27
the Great Sandy Desert

Scott
    $1200 20
Hannibal Lecter

Scott
    $1200 14
lira

KT
    $1200 10
Torontoboggan

Emily
    $1600 2
Tricia Nixon

Triple Stumper
    $1600 5
Dreamgirls

Scott
    $3,600 8
(Mehmet: Tasmania being the island.)

Tasman

Scott
    $1600 21
Richard III

Triple Stumper
    $1600 24
(Mehmet: Yes, and they use it for intergovernmental exchange, so it's important.)

the yuan

KT
    $1600 11
(KT: What is shamrockandroll?)

shamrockabilly

EmilyKT
    $2000 1
Idi Amin

KT
    $2000 4
Spring Awakening

Triple Stumper
    $2000 7
Victoria

Triple Stumper
    $2000 22
Cormac McCarthy

Scott
    $2000 23
Peter the Great

Scott
    $2000 12
herringmaster

Triple Stumper

Scores at the end of the Double Jeopardy! Round:

Emily KT Scott
$12,000 $7,800 $20,600

[wagering suggestions for these scores]

Final Jeopardy! Round responses

ANTIDIS-ESTABLISHMENT-ARIANISM
(Mehmet: [To Emily] Not right today; wasn't right for you yesterday, either. And it wasn't right for Ken Jennings.)
[Laughter]
(Emily: Eventually.)
...
(Mehmet: [To Emily] You can borrow some money from KT and FedEx something now.)
...
(Mehmet: Disestablishment is moving a [*] away from being the official [*] of a country.)
KTWhat is the United Kingdom?
$7,000
EmilyWhat is Fed Ex?
$11,997
ScottWhat is Cru
$3,401
church

Final scores:

Emily KT Scott
$3 $800 $17,199
3rd place: $1,000 2nd place: $2,000 New champion: $17,199

Game dynamics:

Coryat scores:

Emily KT Scott
$12,000 $7,800 $15,400
18 R,
1 W
14 R,
3 W
17 R
(including 2 DDs),
4 W
(including 1 DD)

Combined Coryat: $35,200

[game clues] [game scores] [suggest correction]

Game tape date: 2021-02-02
The J! Archive is created by fans, for fans. Scraping, republication, monetization, and malicious use prohibited; this site may use cookies and collect identifying information. See terms. The Jeopardy! game show and all elements thereof, including but not limited to copyright and trademark thereto, are the property of Jeopardy Productions, Inc. and are protected under law. This website is not affiliated with, sponsored by, or operated by Jeopardy Productions, Inc. Join the discussion at JBoard.tv.